000 00521nam a22001697a 4500
005 20251108180009.0
008 250721s2025 xx 000 0 ara d
082 1 4 _a745.6/محم
100 1 _aمحمد، براء صالح عبدالقادر
245 1 0 _aفلسفة التكوين الخطي /
264 1 _aعمان :
_bخطوط و ظلال للنشر و التوزيع،
_c2025.
300 _a3ج.
650 1 7 _aالخط العربي
650 1 7 _aزخرفة الخطوط
942 _2ddc
_cBK
999 _c147333
_d147333